000 00519nam a2200193 a 4500
001 1776331134785
003 YourLibrary
005 20260416145133.0
008 260416s1988##################000#0#eng##
020 _a9780333398616
082 0 4 _a361.610973
_bBRA
100 1 _aBradshaw, Michael,
_eauthor.
245 1 0 _aRegions and Regionalism in the United States :
260 _bRed Globe Press,
_c1988.
300 _a212 pages
650 0 _aHistory.
942 _cENGLISH
040 _aYourLibrary
_beng
_cYourLibrary
999 _c619486
_d619486